Top 10 Città più popolose Provincia dell'Aquila - Statistics

Statistiche generali
  • Questo quiz è stato fatto 17 volte
  • Il punteggio medio è 5 su 10
Statistiche sulle risposte
Popolazione (ab.) Città % Corretto
69 393 L'Aquila
100%
23 899 Sulmona
100%
42 484 Avezzano
92%
6 125 Castel di Sangro
42%
7 890 Pratola Peligna
42%
10 862 Celano
33%
5 607 Carsoli
25%
5 950 Luco dei Marsi
25%
7 036 Tagliacozzo
25%
6 252 Trasacco
17%
Nessun quiz corrispondente trovato
Distribuzione punteggi
Percentuale di utenti per punteggio
Percentile per numero di risposta
I tuoi punteggi nel tempo
Non hai fatto questo quiz